000 00895nam a2200253Ia 4500
003 OSt
005 20220923224935.0
006 a|||||r|||| 00| 0
007 ta
008 220922b |||||||| |||| 00| 0 hin d
024 _a253,924
037 _cTextual
040 _aARTS
_cARTS
_bhin
041 _2hin
_ahin
082 _aO152,3N291,EI, L5
100 _aयादव, राजेन्द्र; भण्डारी, मन्नू
245 0 _aएक इंच मुस्कान
246 _aEk iancha muskāna
260 _aदिल्ली
_b राजपाल एण्ड सन्ज़
_c1975
300 _a272पृ.
_ccm.
650 _aहिन्दी साहित्य
_9156264
942 _hO152,3N291,EI, L5
_cTEXL
_2CC
999 _c374808
_d374808